Role of soul and body(English poems with Hindi translation) (Record no. 44821)

MARC details
000 -LEADER
fixed length control field 00434nam a2200157Ia 4500
020 ## - INTERNATIONAL STANDARD BOOK NUMBER
ISBN 9789389110920
082 ## - DEWEY DECIMAL CLASSIFICATION NUMBER
Classification number 82-1=03=214.21
Item number SHA
100 ## - MAIN ENTRY--AUTHOR NAME
Personal name Shanmugham Chettiar, RM
245 #0 - TITLE STATEMENT
Title Role of soul and body(English poems with Hindi translation)
260 ## - PUBLICATION, DISTRIBUTION, ETC. (IMPRINT)
Place of publication New Delhi
Name of publisher Authors Press
Year of publication 2019
300 ## - PHYSICAL DESCRIPTION
Number of Pages 139p.
650 ## - SUBJECT ADDED ENTRY--TOPICAL TERM
Topical Term English poem
650 ## - SUBJECT ADDED ENTRY--TOPICAL TERM
Topical Term Hindi poem
942 ## - ADDED ENTRY ELEMENTS (KOHA)
Koha item type Books
Holdings
Withdrawn status Lost status Damaged status Not for loan Home library Current library Date acquired Source of acquisition Full call number Accession Number Koha item type
        RRII Library RRII Library 16/12/2021 Gift 82-1=03=214.21 SHA G01564 Books